000 00835nji a22002417a 4500
005 20100907154815.0
006 a|||||r|||||00| 0
007 sd ammalaaahaa
008 100830t xxu||||| |||| 00| 0 eng d
028 _aDB.4566
_bColumbia
035 _aGR-01074
040 _aSED
_cSED
100 _917455
_aForbes, Bill
245 _aYou're sixteen /
_cby Bill Forbes; directed by Ken Jones
_h[sound recording] :
260 _aIndia
_bColumbia
300 _a1 sound disc [Gramophone Recording]:
_banalog, 33 1/3 rpm
_c9.5 in. (MP)
_fGramophone Record
500 _aBrief Record
505 _aSide-2 (Backward child) (Bill Forbes)
650 _aClassical Music
_zIndia
_91186
_xExcerpts
700 _aJones, Ken
_918783
942 _2ddc
_cGR
999 _c44319
_d44319